Statistics for The 16 Fastest Pokémon Quiz

Click here to take the quiz!

General Stats

  • This quiz has been taken 1,923 times
  • The average score is 5 of 16

Answer Stats

Base Speed Answer % Correct
150Deoxys
68%
160Ninjask
53%
130Jolteon
51%
130Mewtwo
50%
140Electrode
44%
180Deoxys-S
37%
130Crobat
31%
130Aerodactyl
27%
150Deoxys-A
25%
145Accelgor
23%
125Weavile
23%
125Swellow
19%
125Darkrai
18%
127Shaymin-S
10%
121Tornadus-T
6%
128Meloetta-P
5%

Score Distribution

Percentile by Number Answered

Percent of People with Each Score

Your Score History

You have not taken this quiz